00550nam a2200169 a 4500008004100000020001500041050002100056100001900077245005800096246003400154260003700188300001600225350000900241650006900250650005000319650001100369120416s1986 ||||||||||||||||| || u a0814792170 aHD 5764.5.A6 Wal aWalsh, Kenneth10aHandbook of international manpower market comparisons aInstitute of Manpower Studies aNew YorkbUniversity pressc1986 a318p. : ill a0.00 aLABOUR SUPPLY--EUROPEAN ECONOMIC COMMUNITY COUNTRIES--STATISTICS aMANPOWER DEVELOPMENT--HANDBOOKS, MANUALS, ETC aLABOUR